000 00623nam a2200193 i 4500
001 59251
003 ES-MaACL
005 20230906164010.0
007 t|
008 031028s1971 sp ||||1| spa d
100 1 _aEidelberg, Ludwig.
_946821
245 1 0 _aEnciclopedia del psicoanálisis /
_cLudwig Eidelberg ; traducción por Víctor Hernández Espinosa, Pedro Folch Mateu.
260 _aBarcelona :
_bEspax,
_c1971.
300 _aXXXVII, 573 p. ;
_c26 cm.
650 0 0 _aPsicoanálisis.
_916530
700 1 _aHernández Espinosa, Víctor.
_962930
700 1 _aFolch Mateu, Pere.
_951456
852 _aES-MaACL
_jC-37290
999 _c59251
_d59251